00685nam a2200217Ia 45000010006000000050017000060070003000230080041000260400025000670410008000920820022001001000028001222450059001502600036002093000019002456530017002646530024002819420012003059520133003179990017004504473020240114003642.0ta090303s g b000 u asm u aCotton College,Assam aasm a891.4143bB 282 K aBarthakur, Kumudeswar . 0aKhuni Koun /cKumudeswar Barthakur.hTextual Documents aGuwahati :bPadmaprakash ,cNd. a71p. ;c18 cm. aT/G-Assamese aAssamese Literature 2ddccBK 001040708Circulation (T/G)aSKBLbSKBLd2012-02-01f00000l0o891.4143 B 282 Kp314.5r2024-01-14 00:00:00t1w2012-02-01yBK c44696d44696